000
00356nam a2200169Ia 4500
003
0STCL
008
150530s9999 xx 000 0 und d
040
_a
STCL
_c
STCL
100
_a
Bray Brooke, P.
245
_a
Thomas Hardy
250
_a
First
260
_c
1928
546
_a
English
942
_2
ddc
_c
BK
999
_c
61343
_d
61343
005
20220125171150.0